Vista normal Vista MARC

Entrada Corporate Name

Número de registros utilizados en: 1

001 - CONTROL NUMBER

  • control field: 2646

003 - CONTROL NUMBER IDENTIFIER

  • control field: OSt

005 - DATE AND TIME OF LATEST TRANSACTION

  • control field: 20200407024947.0

008 - FIXED-LENGTH DATA ELEMENTS

  • fixed length control field: 200407|| aca||aabn | a|a d

040 ## - CATALOGING SOURCE

  • Original cataloging agency: OSt
  • Transcribing agency: OSt

110 ## - HEADING--CORPORATE NAME

  • Corporate name or jurisdiction name as entry element: Colombia.
  • Subordinate unit: Observatorio del Programa Presidencial de Derechos Humanos

670 ## - SOURCE DATA FOUND

  • Source citation: Work cat.: (OSt)5159: Colombia. Observatorio del Programa Presidencial de Derechos Humanos, Dinámica de la violencia en el departamento de Córdoba 1967 - 2008 /, 2009